• 首页
  • 本馆介绍
  • 公告通知
  • 最新文献
  • 馆藏检索
  • 电子资源
  • 读者导购
  • 参考咨询
  • 我的图书馆
  • 登录
  • 详细信息显示
  • 放入我的书架
  • 预约/预借图书
  • 作者相关作品
  • 分类相关作品
  • 丛书相关作品
  • 出版社相关作品

书目信息

  • 表格格式
  • 工作单格式
  • 卡片格式
题名:
数学游戏
    
 
作者: 裘伟廷 著
分册: 二  
出版信息: 北京   北京出版社  1991
页数: 93页
开本: 19cm
丛书名:
单 册:
中图分类: O12-49 , O1-49
科图分类:
主题词: 数学--课外读物 , 初等数学
电子资源:
ISBN:
000 00593nam0 2200241 45
001 0178004238
005 20060819081649.75
010    @dCNY0.24
091    @a7071.690
100    @a19950716d1991 cemy0chiy0121 ea
101 0  @achi
102    @aCN@b110000
105    @ay z 000yy
200 10 @a数学游戏@Ashu xue you xi@h二@f裘伟廷著@FQiu Wei Ting Zhu
210    @a北京@c北京出版社@d1991
215    @a93页@d19cm
606    @a数学@x课外读物
606 0  @a初等数学
690    @aO12-49@v3
690    @aO1-49@v3
701  0 @a裘伟廷@4著
801  0 @aCN@bNLC@c20060819
905    @dO12-49@e2:2
    
    数学游戏.二/裘伟廷著.-北京:北京出版社,1991
    93页;19cm
    
    
    ISBN :CNY0.24
    
●
相关链接 在E读中查询图书 在五车中查询图书 在当当中查询图书 在豆瓣中查询图书


正题名:数学游戏     索取号:O12-49/2:2         预约/预借

序号 登录号 条形码 馆藏地/架位号 状态 备注
1 0064716   001233418   第二样本阅览室/ [索取号:O12-49/2:2] 在馆    
2 0064717   001233436   第三借阅区/ [索取号:O12-49/2:2] 在馆    
3 0064718   001233427   第三借阅区/ [索取号:O12-49/2:2] 在馆    
4 0454039   204540390   密集书库/ [索取号:O12-49/2:2] 在馆    
5 0454317   204543173   密集书库/ [索取号:O12-49/2:2] 在馆    
6 0454318   204543182   密集书库/ [索取号:O12-49/2:2] 在馆    
7 0468809   204688098   密集书库/ [索取号:O12-49/2:2] 在馆    
唐山师范学院图书馆 欢迎您!
大连网信软件有限公司© 版权所有